Statistics for Guess the Taylor Swift Song (no hints) 179

Click here to take the quiz!

General Stats

  • This quiz has been taken 18 times
  • The average score is 320 of 362

Answer Stats

Answer% Correct
I
100%
the
100%
a
94%
all
94%
And
94%
and
94%
are
94%
do"
94%
He
94%
he
94%
if
94%
In
94%
in
94%
is
94%
(it)
94%
it
94%
it's
94%
know
94%
me
94%
"No
94%
now
94%
we
94%
when
94%
(you)
94%
you
94%
your
94%
again
88%
ah
88%
ah,
88%
(ah)
88%
at
88%
babe
88%
but
88%
But
88%
can
88%
can't
88%
cheeks
88%
dreams,
88%
dress
88%
Even
88%
from
88%
ha
88%
hands
88%
He's
88%
His
88%
his
88%
just
88%
lips
88%
my
88%
My
88%
nice
88%
night
88%
of
88%
our
88%
(pretend,
88%
pretend
88%
pretend)
88%
Red
88%
rosy
88%
said,
88%
Say
88%
see
88%
sunset,
88%
this
88%
thought
88%
to
88%
well
88%
what
88%
Wildest
88%
wildest
88%
You'll
88%
you'll
88%
around)
82%
around
82%
as
82%
away
82%
bad,
82%
begins
82%
bet
82%
(burning)
82%
Burning
82%
city,
82%
clothes
82%
condition
82%
crowds"
82%
does
82%
(down)
82%
down
82%
Drive
82%
end
82%
familiar
82%
Follow
82%
(follow)
82%
(follow
82%
forever
82%
get
82%
getting
82%
gonna
82%
good
82%
had
82%
hair,
82%
handsome
82%
has
82%
Heaven
82%
hell
82%
help
82%
hindsight
82%
kiss
82%
last
82%
lasts
82%
leave
82%
"Let's
82%
memories
82%
Nothing
82%
one
82%
out
82%
remember
82%
request
82%
room
82%
so
82%
Someday
82%
sound
82%
Standing
82%
Staring
82%
take
82%
tall
82%
Tangled
82%
these
82%
town
82%
up
82%
very
82%
voice
82%
we've
82%
with
82%
stayed
29%

Score Distribution

Percentile by Number Answered

Percent of People with Each Score

Your Score History

You have not taken this quiz